| 000 | 00954nac a22002891i 4500 | ||
|---|---|---|---|
| 003 | EG-ScBUE | ||
| 005 | 20230730104440.0 | ||
| 008 | 230730s1995 nyuab f 001 0 eng d | ||
| 020 | _a0816034419 | ||
| 020 | _a9780816034413 | ||
| 040 |
_aEG-ScBUE _beng _erda _cEG-ScBUE _dEG-ScBUE |
||
| 043 | _an-us--- | ||
| 082 | 0 | 4 |
_a911.73 _bFER _222 |
| 100 | 1 |
_aFerrell, Robert H., _eauthor. |
|
| 245 | 1 | 0 |
_aAtlas of American history / _cRobert H. Ferrell, Richard Natkiel. |
| 250 | _aRevision and updated. | ||
| 264 | 1 |
_aNew York : _bFacts on File, _c1995. |
|
| 300 |
_a1 atlas (192 pages) : _billustrations (some color), maps (some color) ; _c28 cm |
||
| 336 |
_2rdacontent _atext _btxt |
||
| 337 |
_2rdamedia _aunmediated _bn |
||
| 338 |
_2rdacarrier _avolume _bnc |
||
| 500 | _aIncludes index. | ||
| 651 | 7 |
_aUnited States _xHistorical geography _xMaps. _2BUEsh |
|
| 655 | _vReading book | ||
| 700 | 1 |
_aNatkiel, Richard, _eauthor. |
|
| 942 |
_cNB _2ddc |
||
| 999 |
_c6083 _d6083 |
||